Renewable energy in India: (Record no. 171267)

MARC details
000 -LEADER
fixed length control field 00593nam a22001937a 4500
005 - DATE AND TIME OF LATEST TRANSACTION
control field 20200109151015.0
010 ## - LCCN (DPL NO)
LC control number ENG-127337
020 ## - INTERNATIONAL STANDARD BOOK NUMBER
International Standard Book Number 9788193354216
Terms of availability 880.00
035 ## - SYSTEM CONTROL NUMBER
System control number EN-110869
037 ## - SOURCE OF ACQUISITION
Source of stock number/acquisition DBAD/PUB
082 ## - DEWEY DECIMAL CLASSIFICATION NUMBER
Classification number 333.79
100 ## - MAIN ENTRY--PERSONAL NAME
Personal name Ahluwalia,V.K
245 ## - TITLE STATEMENT
Title Renewable energy in India:
Statement of responsibility, etc Vivek Rana
Remainder of title impacts and responces for the built environment/
260 ## - PUBLICATION, DISTRIBUTION, ETC. (IMPRINT)
Place of publication, distribution, etc Delhi
Name of publisher, distributor, etc Book Shores
Date of publication, distribution, etc 2016
270 ## - ADDRESS
Address B-16,Subhavana Niketan,Pitam Pura
City Delhi
Postal code 110034
300 ## - PHYSICAL DESCRIPTION
Extent 232p
Dimensions 22cm(hb)
500 ## - GENERAL NOTE
General note includes bibliography
942 ## - ADDED ENTRY ELEMENTS (KOHA)
Source of classification or shelving scheme Dewey Decimal Classification
Item type English Books
Classification part 333.79
Call number suffix AHL
Holdings
Withdrawn status Lost status Not for loan Collection code Home library Current library Date acquired Source of acquisition Cost, normal purchase price Full call number Barcode Copy number Cost, replacement price Koha item type
      Non-fiction D.B.Act.Division Mobile Library 09/01/2020 DBAD/PUB 880.00 333.79 AHL EN-110869 1 880.00 English Books

© Delhi Public Library
Hit Counter
free hit counter